1080 1164 1967 1000 1945 1743 1578 1539 1389 1726 1332 1303 1164 1293 1565 1645 1447 1910 1785 1827 1389 1952 1859 1296 1762 1820 1369 1661 1853 1745 1025 1062 1199 1888 1882 1713 1284 1238 1153 1391 1557 1009 1333 1460 1626 1603 1594 1124 1638 1778 1726 1790 1154 1153 1562 1223 1754 1044 1904 1272 1708 1180 1542 1095 1316 1699 1364 1052 1516 1826 1749 1196 1283 1589 1746 1717 1738 1756 1202 1458 1725 1561 1646 1607 1818 1239 1483 1069 1678 1953 1521 1877 1566 1537 1484 1286 1152 1297 1460 BCNSPRNW ULIB Ver.6.0+V

เปลี่ยนเป็นภาษาไทย

Change to English
 แสดงรายละเอียดบรรณานุกรม
  กลับหน้าหลัก

Brief Record : Get Marc (ISO 2709) : E-mail record : QR code < ปิดหน้าต่าง
LEADER : 00000nam 2200000uu 4500
001    13399124511
003     ULIB
008    150817s2556 th a 000 0 tha d
020    9789749804193
020    9789749804198
090    นว.^bล158บ ล.1
100    ล่อร่า อิงกัลล์ส์ ไวล์เดอร์;^eผู้แต่ง
245    บ้านเล็กในป่าใหญ่/^cล่อร่า อิงกัลล์ส์ ไวล์เดอร์. ; เขียน ,สุคนธรส. ; แปล
250    พิมพ์ครั้งที่ 17
260    กรุงเทพฯ :^bแพรวเยาวชน,^c2556
300    150 หน้า;^b18.5 ซม.
500    หนังสือชุดบ้านเล็ก
700    สุคนธรส ;^eแปล
945    ^p115^l0^i039772
999    ^aทศพร
รายการนี้ยังไม่มีแท็ก
คุณยังไม่ได้ล็อกอิน คุณสามารถมีกิจกรรมร่วมกับเว็บไซต์ได้ แต่ต้องล็อกอินก่อน ::
  ล็อกอิน

รายการสื่อสารสนเทศ

ลำดับที่ ประเภท เลขเรียก/บาร์โค้ด สถานที่ สถานะ
1. นวนิยาย
นวนิยาย
นว. ล158บ ล.1 ฉ.1 
  Barcode: 039772
ห้องสมุดวิทยาเขตสวรรค์ประชารักษ์
►นวนิยาย
บนชั้น
  ขอยืม

BibComment


ยังไม่เคยถูกคอมเมนท์

คอมเมนท์ทรัพยากรรายการนี้
  คอมเมนท์: บ้านเล็กในป่าใหญ่..


 Copyright 2026. Bcnsprnw @Library